000 01129nam a2200277Ia 4500
003 OSt
005 20221005111849.0
006 a|||||r|||| 00| 0
007 ta
008 221004b |||||||| |||| 00| 0 san d
020 _a9789385309175 (hbk)
_cINR 4500.00
024 _a34843
037 _b117, 07/09/2017, Eastern Book Linkers
_cTextual
040 _aCRL
_cCRL
_bsan
041 _2san
_asan
082 _aQ:45, 152Q7
100 _aमिश्र, इन्दुधर, ले.
245 0 _aप्रतिहारकालीन मंदिरों का ऐतिहासिक एवं सांस्कृतिक अध्ययन
246 _aPratihārakālīn mandiroan kā aitihāsik evan sāanskṛutik adhyayana
260 _aवाराणसी
_bकला प्रकाशन भारत
_c2017
300 _a227पृ0
_ccm.
650 _a मन्दिर
650 _aधर्मशास्त्र
942 _hQ:45, 152Q7
_cTEXL
_2cc
999 _c1023126
_d1023126